All NCAA D1 Men's Lacrosse Teams - Statistics

General Stats
  • This quiz has been taken 447 times
    77 since last reset
  • The average score is 41 of 77
Answer Stats
Hint Answer % Correct
Ivy Harvard
97%
Ivy Cornell
89%
Ivy Penn
89%
Ivy Princeton
89%
ACC Syracuse
89%
Ivy Yale
89%
Ivy Brown
87%
Ivy Dartmouth
87%
ACC Duke
87%
ACC Notre Dame
87%
ACC North Carolina
84%
ACC Virginia
84%
Big Ten Ohio State
82%
Big Ten Johns Hopkins
76%
Big Ten Maryland
76%
Big Ten Michigan
76%
Patriot Army
74%
Big Ten Penn State
74%
Patriot Navy
71%
Big Ten Rutgers
68%
Big East Denver
66%
Asun Air Force
63%
Big East Providence
58%
Big East St. John's
58%
America East Albany
53%
Asun Jacksonville
53%
Patriot Lehigh
53%
Patriot Loyola
53%
CAA Towson
53%
Asun Bellarmine
50%
Patriot Boston University
50%
Big East Georgetown
50%
NEC LIU
50%
Big East Marquette
50%
Mid-America Massachusetts
50%
Mid-America Richmond
50%
MAAC Siena
50%
MAAC Marist
47%
America East Vermont
47%
CAA Drexel
45%
CAA Fairfield
45%
America East NJIT
45%
CAA Stony Brook
45%
America East UMBC
45%
Asun Utah
45%
Big East Villanova
45%
America East Binghamton
42%
America East Bryant
42%
MAAC Canisius
42%
CAA Delaware
42%
Asun Mercer
42%
MAAC Quinnipiac
42%
NEC Robert Morris
42%
MAAC Sacred Heart
42%
CAA Hofstra
39%
Patriot Holy Cross
39%
MAAC Iona
39%
Mid-America St. Bonaventure
39%
Patriot Bucknell
37%
NEC Detroit Mercy
37%
NEC Le Moyne
37%
NEC Mercyhurst
37%
Patriot Colgate
34%
Mid-America Hobart
34%
Patriot Lafayette
34%
MAAC Manhattan
34%
MAAC Merrimack
34%
Mid-America Saint Joseph's
34%
America East Umass Lowell
34%
NEC VMI
34%
NEC Wagner
34%
CAA Hampton
32%
CAA Monmouth
32%
NEC Cleveland State
29%
Mid-America High Point
29%
MAAC Mount St Mary's
29%
Asun Queens
29%
No matching quizzes found
Score Distribution
Percent of People with Each Score
Percentile by Number Answered
Your Score History
You have not taken this quiz since the last reset